Normal view
MARC view
Entry Personal Name
001 - CONTROL NUMBER
- control field: 19478
003 - CONTROL NUMBER IDENTIFIER
- control field: OSt
005 - DATE AND TIME OF LATEST TRANSACTION
- control field: 20251015152038.0
008 - FIXED-LENGTH DATA ELEMENTS
- fixed length control field: 251015|| aca||aabn | a|a d
040 ## - CATALOGING SOURCE
- Original cataloging agency: OSt
- Transcribing agency: OSt
100 ## - HEADING--PERSONAL NAME
- Personal name: Edited by Holmquist, Carin; Wiklund, Johan
670 ## - SOURCE DATA FOUND
- Source citation: Work cat.: (OSt)9103: Edited by Holmquist, Carin; Wiklund, Johan, Entrepreneurship and the Creation of Small Firms :, c2010.
